00790nac a22001937a 4500001001000000003000900010005001700019008003400036040005400070072000800124100001800132110009500150245008400245260003400329300000900363490012500372500008200497650001700579BR8703246BR-BrBNA20240105120510.0230509b bl.|||m| |||| 00| 0 por d aBR-BrBNAbporcBiblioteca Nacional de Agricultura aL011 aCosta, P.M.A.1 aUniversidade Rural do Estado de Minas Gerais, Vicosa (Brasil). Diretoria Geral de Extensao1 aComo melhorar um rebanho suino (melhores reprodutores, mais carne, maior lucro)3 aVicosa, MG (Brasil): c1966.  a7 p. aSerie Divulgacao. Boletim - Universidade Rural do Estado de Minas Gerais. Diretoria Geral de Extensao (Brazil)vno. 15x a(*) Documento disponível na(o) UFV, Vicosa, MG (Brazil). Biblioteca Central aSUINOCULTURA